| 000 | 00000nam 2200000zi 4500 |
| 001 | 9.882390 |
| 003 | CaOODSP |
| 005 | 20240612083637 |
| 006 | m o d f |
| 007 | cr ||||||||||| |
| 008 | 191125e201910##onc obs f000 0 fre d |
| 040 | |aCaOODSP|bfre|erda|cCaOODSP |
| 043 | |an-cn--- |
| 086 | 1 |aPS82-4/19-14F-PDF |
| 100 | 1 |aMotiuk, Laurence L. |q(Laurence Louis), |d1954- |eauteur. |
| 245 | 10|aPlaintes et griefs des délinquants dans le système correctionnel fédéral canadien / |cpréparé par : Larry Motiuk et Andre Arnet-Zargarian. |
| 264 | 1|a[Ottawa] : |bService correctionnel Canada = Correctional Service Canada, |cOctobre 2019. |
| 300 | |a1 ressource en ligne (1 page non numérotee). |
| 336 | |atexte|btxt|2rdacontent/fre |
| 337 | |ainformatique|bc|2rdamedia/fre |
| 338 | |aressource en ligne|bcr|2rdacarrier/fre |
| 490 | 1 |aRecherche en bref ; |vRIB-19-14 |
| 500 | |aTitre de départ. |
| 500 | |a« Transformons des vies. Protégeons les canadiens. » |
| 500 | |aPublié aussi en anglais sous le titre : Offender complaints and grievances in Canadian federal corrections. |
| 504 | |aComprend des références bibliographiques. |
| 520 | |a« Diminution du nombre de plaintes et de griefs des délinquants reçus pour l'ensemble des paliers et des priorités dans le système correctionnel fédéral » -- Page [1]. |
| 650 | 6|aGriefs des prisonniers|zCanada|vStatistiques. |
| 655 | 7|aStatistiques|2rvmgf |
| 710 | 2 |aService correctionnel Canada. |bDirection de la recherche. |
| 775 | 08|tOffender complaints and grievances in Canadian federal corrections / |w(CaOODSP)9.882388 |
| 830 | #0|aRecherche en bref (Service correctionnel Canada)|vRIB-19-14.|w(CaOODSP)9.805235 |
| 856 | 40|qPDF|s65 Ko|uhttps://publications.gc.ca/collections/collection_2019/scc-csc/PS82-4-19-14-fra.pdf |